To analyze the impact of Operative time in Laparoscopic Cholecystectomy (Record no. 26498)

MARC details
000 -LEADER
fixed length control field 00349nam a22001457a 4500
003 - CONTROL NUMBER IDENTIFIER
control field SGT
082 ## - DEWEY DECIMAL CLASSIFICATION NUMBER
Classification number 617
Item number A21S
100 ## - MAIN ENTRY--PERSONAL NAME
Personal name SOME, SOWBIR
245 ## - TITLE STATEMENT
Title To analyze the impact of Operative time in Laparoscopic Cholecystectomy
260 ## - PUBLICATION, DISTRIBUTION, ETC. (IMPRINT)
Place of publication, distribution, etc GURUGRAM
Name of publisher, distributor, etc SGT UNIVERSITY
Year of Publication 2021
300 ## - PAGE DESCRIPTION
No. of Pages 156
650 ## - SUBJECT ADDED ENTRY--TOPICAL TERM
Topical term or geographic name as entry element SURGERY
653 ## - KEYWORDS--INDEX TERM
Keyword term M.S
942 ## - ADDED ENTRY ELEMENTS (KOHA)
Source of classification or shelving scheme Dewey Decimal Classification
Koha item type Thesis/Dissertation
Holdings
Withdrawn status Lost status Source of classification or shelving scheme Damaged status Use restrictions Not for loan Collection code Home library Current library Shelving location Date acquired Total Checkouts Full call number Accession No. (Barcode) Date last seen Bill Date Koha item type
    Dewey Decimal Classification   Restricted Access Not For Loan MEDICAL SGT Medical Library SGT Medical Library Reference Book 21/06/2024   617 A21S DT1711 21/06/2024 21/06/2024 Thesis/Dissertation
    Dewey Decimal Classification     Not For Loan   SGT Medical Library SGT Medical Library Reference Book 12/11/2025   617 A21S DT2465 12/11/2025 12/11/2025 Thesis/Dissertation